| 000 | 00977pam a2200277 a 4500 | ||
|---|---|---|---|
| 001 | 66039 | ||
| 003 | BD-RjUL | ||
| 005 | 20211209081508.0 | ||
| 008 | 980618s1996 enka b 001 0 eng | ||
| 020 | _a0201877015 (alk. paper) | ||
| 035 | _a(BD-RjUL)66169 | ||
| 040 |
_aDLC _cDLC _dDLC _dBD-RjUL _beng |
||
| 041 | _aeng | ||
| 082 | 0 | 0 |
_223 _a004.66 _bGIA 1996 |
| 100 | 1 |
_aGinsburg, David _d1963- _9195337 |
|
| 245 | 1 | 0 |
_aATM : _bsolutions for enterprise internetworking / _cDavid Ginsburg. |
| 260 |
_aHarlow, England ; _aReading, Mass. : _bAddison-Wesley, _c1996 |
||
| 300 |
_axvi, 569 p. : _bill. ; _c25 cm. |
||
| 504 | _aIncludes bibliographical references (p. [543]-555) and index. | ||
| 650 | 0 |
_aAsynchronous transfer mode. _9195339 |
|
| 650 | 0 |
_aInternetworking (Telecommunication) _9195340 |
|
| 830 |
_aData communications and networks series _9195338 |
||
| 942 |
_2ddc _cBK |
||
| 999 |
_c66039 _d66039 |
||